[Event "Barcelona op"]
[Site "Barcelona"]
[Date "2002.10.04"]
[Round "1"]
[White "Gonzalez Maza, Rafael"]
[Black "Walter Travella, German"]
[Result "1-0"]
[WhiteElo "2295"]
[BlackElo "2130"]
[PlyCount "113"]
[EventDate "2002.10.14"]
[EventType "swiss"]
[EventRounds "8"]
[EventCountry "ESP"]
[SourceTitle "EXT 2004"]
[Source "ChessBase"]
[SourceDate "2003.11.25"]
[SourceVersion "1"]
[SourceVersionDate "2003.11.25"]
[SourceQuality "1"]

1. d4 Nf6 2. Nf3 c5 3. d5 d6 4. Nc3 g6 5. e4 Nbd7 6. Be2 Bg7 7. 0-0 0-0 8. Bf4 Ne8 9. Qd2 Nc7 10. Bh6 Nf6 11. Bxg7 Kxg7 12. a4 Bg4 13. h3 Bxf3 14. Bxf3 b6 15. g3 a6 16. Bg2 Nd7 17. f4 b5 18. Qd3 Kg8 19. axb5 axb5 20. Rxa8 Qxa8 21. Nxb5 Nxb5 22. Qxb5 Qa7 23. Qe2 Rb8 24. c3 Qa2 25. Rf2 Rb3 26. e5 Kf8 27. Kh2 Nb6 28. exd6 exd6 29. f5 gxf5 30. Rxf5 Rxb2 31. Qf3 Qa7 32. Qf4 Qe7 33. Qh6+ Ke8 34. Qxh7 Nd7 35. Rf4 Ne5 36. Qg8+ Qf8 37. Qg5 Qe7 38. Qf5 Qb7 39. Qe4 Qb3 40. h4 Qxc3 41. h5 Qc2 42. Qxc2 Rxc2 43. h6 Kf8 44. Kh3 c4 45. Rf6 c3 46. Rxd6 Re2 47. Rd8+ Ke7 48. h7 Ng6 49. h8Q Nxh8 50. Rxh8 Kd7 51. Rh6 Re8 52. Rc6 f5 53. Bf3 Rh8+ 54. Kg2 Rc8 55. Rxc8 Kxc8 56. Bd1 Kd7 57. Kf3 1-0

[Event "Catalunya-ch"]
[Site "Barcelona"]
[Date "2002.03.27"]
[Round "4.4"]
[White "Gonzalez Rodriguez, Jorge Armando"]
[Black "Gonzalez Maza, Rafael"]
[Result "1-0"]
[WhiteElo "2413"]
[BlackElo "2273"]
[PlyCount "103"]
[EventDate "2002.03.24"]
[EventType "swiss"]
[EventRounds "9"]
[EventCountry "ESP"]
[SourceTitle "EXT 2003"]
[Source "ChessBase"]
[SourceDate "2002.11.25"]
[SourceVersion "1"]
[SourceVersionDate "2002.11.25"]
[SourceQuality "1"]

1. b3 d5 2. e3 e5 3. Bb2 Nd7 4. c4 c6 5. Nf3 Bd6 6. cxd5 cxd5 7. Nc3 Ngf6 8. Nb5 Bb8 9. Ba3 e4 10. Nfd4 Ne5 11. f4 exf3 12. Nxf3 Nxf3+ 13. gxf3 Ne4 14. Qc2 Qh4+ 15. Kd1 Nf2+ 16. Kc1 Bd7 17. Rg1 a6 18. Nc3 Bxh2 19. Rxg7 Be5 20. Rg2 d4 21. exd4 Bxd4 22. Kb2 0-0-0 23. Rc1 Kb8 24. Bd6+ Ka8 25. Bg3 Qf6 26. Bxf2 Bxf2 27. Rxf2 Bf5 28. d3 Rc8 29. Qd1 Rhd8 30. Rfc2 Rc6 31. Kb1 Qd4 32. Ne4 Rxc2 33. Qxc2 Rc8 34. Qb2 Rxc1+ 35. Qxc1 Be6 36. Qc5 Qg7 37. Qg5 Qd4 38. Qe7 Qg1 39. Qf8+ Ka7 40. Qc5+ Qxc5 41. Nxc5 Bf5 42. Kc2 h5 43. Ne4 h4 44. Nf2 Kb6 45. Bh3 Bg6 46. Kc3 Kc5 47. d4+ Kd5 48. b4 b6 49. Nd3 Kd6 50. Nf4 Bb1 51. a3 Ba2 52. Ng2 1-0

[Event "Catalunya-ch"]
[Site "Barcelona"]
[Date "2002.??.??"]
[Round "9"]
[White "Martin Garcia, Carlos"]
[Black "Gonzalez Maza, Rafael"]
[Result "0-1"]
[WhiteElo "2137"]
[BlackElo "2273"]
[PlyCount "71"]
[EventDate "2002.03.24"]
[EventType "swiss"]
[EventRounds "9"]
[EventCountry "ESP"]
[SourceTitle "EXT 2003"]
[Source "ChessBase"]
[SourceDate "2002.11.25"]
[SourceVersion "1"]
[SourceVersionDate "2002.11.25"]
[SourceQuality "1"]

1. e4 c6 2. d4 d5 3. exd5 cxd5 4. c4 e6 5. Nc3 Nf6 6. Nf3 Be7 7. Bd3 dxc4 8. Bxc4 0-0 9. 0-0 Nc6 10. Be3 b6 11. Qe2 Nb4 12. Ne5 Bb7 13. Rac1 Rc8 14. a3 Nbd5 15. Nxd5 Bxd5 16. Ba6 Rxc1 17. Rxc1 Qa8 18. f3 h6 19. Qb5 Bd6 20. Bd2 Bb7 21. Bxb7 Qxb7 22. Rc6 Rd8 23. Bb4 Bb8 24. Qc4 Nd5 25. Qc2 a5 26. Bd2 Ne7 27. Rc4 Qd5 28. Be3 Nf5 29. Nc6 Nxe3 30. Ne7+ Kf8 31. Nxd5 Nxc2 32. Nxb6 Nxd4 33. Nd7+ Rxd7 34. Rc8+ Ke7 35. Rxb8 Nc6 36. Ra8 0-1

[Event "Banyoles op 3rd"]
[Site "Banyoles"]
[Date "2000.??.??"]
[Round "4"]
[White "Kolev, Atanas"]
[Black "Gonzalez Maza, Rafael"]
[Result "1-0"]
[WhiteElo "2582"]
[BlackElo "2298"]
[PlyCount "117"]
[EventDate "2000.08.05"]
[EventType "swiss"]
[EventRounds "9"]
[EventCountry "ESP"]
[SourceTitle "EXT 2001"]
[Source "ChessBase"]
[SourceDate "2000.11.22"]
[SourceVersion "1"]
[SourceVersionDate "2000.11.22"]
[SourceQuality "1"]

1. e4 Nc6 2. Nf3 d6 3. d4 Bg4 4. Be3 Nf6 5. Nc3 e6 6. h3 Bxf3 7. Qxf3 d5 8. exd5 Nxd5 9. Bb5 Qd7 10. 0-0 a6 11. Ba4 Nb6 12. d5 Nxd5 13. Rad1 Bd6 14. Nxd5 exd5 15. Rxd5 0-0 16. Rfd1 b5 17. Bb3 Ne7 18. Rg5 Rad8 19. c3 Kh8 20. Bd4 f6 21. Rh5 h6 22. Bc2 Qe6 23. Bb3 Qd7 24. Re1 Nc6 25. Be6 Nxd4 26. cxd4 Rfe8 27. Qf5 c6 28. Re4 Qa7 29. Qg6 Rxe6 30. Rxe6 Qxd4 31. g3 Bc5 32. Re8+ Rxe8 33. Qxe8+ Kh7 34. Qe2 Bd6 35. Rh4 Qd5 36. Qe4+ Qxe4 37. Rxe4 Be5 38. b3 Kg6 39. f4 Kf5 40. Re2 Bd4+ 41. Kg2 g5 42. Kf3 gxf4 43. g4+ Kg6 44. Re6 c5 45. Rxa6 b4 46. Kxf4 Be5+ 47. Kf3 h5 48. Rc6 hxg4+ 49. Kxg4 Bd4 50. h4 Kh6 51. h5 Kh7 52. Kf5 Kg7 53. Rc7+ Kh6 54. Rc6 Bc3 55. Rxf6+ Kxh5 56. Rc6 Bd4 57. Rg6 Kh4 58. Rg4+ Kh5 59. Rxd4 1-0

[Event "Catalunya-chT"]
[Site "Catalunya"]
[Date "1996.??.??"]
[Round "?"]
[White "Fernandez Cazorla, Antonio"]
[Black "Gonzalez Maza, Rafael"]
[Result "1-0"]
[WhiteElo "2280"]
[BlackElo "2315"]
[PlyCount "65"]
[EventDate "1996.??.??"]
[EventType "team"]
[EventRounds "9"]
[EventCountry "ESP"]
[SourceTitle "EXT 1999"]
[Source "ChessBase"]
[SourceDate "1998.11.16"]
[SourceVersion "1"]
[SourceVersionDate "1998.11.16"]
[SourceQuality "1"]

1. e4 Nc6 2. Nf3 d6 3. d4 Bg4 4. d5 Ne5 5. Be2 Nxf3+ 6. gxf3 Bd7 7. c4 e6 8. Qb3 Qc8 9. Nc3 Be7 10. Be3 Bf6 11. f4 Ne7 12. h4 h5 13. 0-0-0 exd5 14. cxd5 a6 15. Rd2 b5 16. Rc2 Qb7 17. Bf3 Ng6 18. Re1 Bxh4 19. e5 Bf5 20. Be4 Ne7 21. Rh1 Bxe4 22. Nxe4 Nf5 23. exd6 Bd8 24. d7+ Kf8 25. Nc5 Qb8 26. Qd3 g6 27. Bd4 Rh7 28. Re1 Be7 29. Rce2 h4 30. Rxe7 Nxe7 31. Bf6 Qb6 32. Bxe7+ Kg8 33. Ne4 1-0